[Event "DEM U12/U12w 2015"]
[Site "Willingen GER"]
[Date "2015.05.25"]
[Round "3"]
[White "Knüdel, Torben"]
[Black "Suvorov, Luca"]
[Result "1-0"]
[Termination "normal"]
[Board "16"]
[WhiteElo "1553"]
[BlackElo "1832"]
[PlyCount "89"]
[WhiteFideId "16208820"]
[BlackFideId "12977071"]
[EventCountry "GER"]
[EventRounds "11"]
[EventType "swiss"]
[EventDate "2015.05.23"]

1. d4 d5 2. c4 dxc4 3. e4 e5 4. Nf3 exd4 5. Bxc4 Bb4+ 6. Bd2 Bxd2+ 7. Nbxd2 Nc6
8. O-O Nh6 9. Nb3 O-O 10. Nbxd4 Nxd4 11. Qxd4 Bg4 12. Qxd8 Raxd8 13. Ne5 Rfe8
14. f4 Be6 15. Bxe6 Rxe6 16. Rad1 Red6 17. Rxd6 Rxd6 18. h3 Kf8 19. g4 Ng8 20.
Kg2 Nf6 21. Kf3 Rd2 22. g5 Ne8 23. Rf2 Rd4 24. Ke3 c5 25. Nf3 Rd8 26. f5 Nd6
27. Nd2 b5 28. b3 Nc8 29. e5 Nb6 30. Ne4 Rd5 31. g6 hxg6 32. fxg6 Rxe5 33.
Rxf7+ Kg8 34. Kf4 Re8 35. Nxc5 Nd5+ 36. Kg3 Nf6 37. Rxa7 Nh5+ 38. Kh4 Nf4 39.
Kg5 Nxh3+ 40. Kg4 Nf2+ 41. Kg3 Nd1 42. Ne6 Nc3 43. Nxg7 Rc8 44. Nf5 Nd5 45.
Nh6+ 1-0

[Event "DEM U12/U12w 2015"]
[Site "Willingen GER"]
[Date "2015.05.25"]
[Round "3"]
[White "Brückner, Alexander"]
[Black "Berelowitsch, Dana"]
[Result "1-0"]
[Termination "normal"]
[Board "17"]
[WhiteElo "1821"]
[BlackElo "1408"]
[PlyCount "129"]
[WhiteFideId "12952613"]
[BlackFideId "12977144"]
[EventCountry "GER"]
[EventRounds "11"]
[EventType "swiss"]
[EventDate "2015.05.23"]

1. e4 e5 2. Nf3 Nf6 3. Nc3 Nc6 4. Bb5 Bb4 5. O-O O-O 6. Re1 d6 7. h3 Be6 8.
Bxc6 bxc6 9. d4 Nd7 10. Qd3 f6 11. Bd2 Nb6 12. a3 Bxc3 13. Bxc3 Bc4 14. Qd2 Re8
15. b3 Bf7 16. Ba5 Qd7 17. Rad1 Bh5 18. Qc3 Bxf3 19. Qxf3 Qf7 20. Qc3 Qd7 21.
Bxb6 axb6 22. a4 Ra5 23. Qc4+ Kh8 24. d5 cxd5 25. Rxd5 Rxd5 26. Qxd5 c6 27. Qd3
d5 28. Rd1 d4 29. Qc4 c5 30. Qa6 Qc6 31. a5 Rb8 32. Qa7 Qb7 33. axb6 Qxb6 34.
Qxb6 Rxb6 35. Ra1 h6 36. Ra5 Rc6 37. Ra4 Rb6 38. Kf1 Kg8 39. Ke2 Kf7 40. Ra7+
Kf8 41. Kd3 Rc6 42. Kc4 Rc8 43. Ra5 Rb8 44. Rxc5 Ke8 45. b4 Kd7 46. b5 Rb6 47.
Rd5+ Kc7 48. Kc5 Re6 49. g4 g6 50. Kb4 Rb6 51. Rc5+ Kb7 52. Kc4 Rd6 53. Rd5 Kc7
54. Rxd6 Kxd6 55. b6 Kc6 56. b7 Kxb7 57. Kd5 Kb6 58. Ke6 Kc5 59. Kxf6 Kc4 60.
Kxe5 Kc5 61. f4 Kc4 62. f5 gxf5 63. gxf5 Kc3 64. f6 Kxc2 65. Kxd4 1-0

[Event "DEM U12/U12w 2015"]
[Site "Willingen GER"]
[Date "2015.05.25"]
[Round "3"]
[White "Rietschel, Tilo"]
[Black "Roho, Kevin"]
[Result "1/2-1/2"]
[Termination "normal"]
[Board "18"]
[WhiteElo "1549"]
[BlackElo "1825"]
[PlyCount "68"]
[WhiteFideId "16208390"]
[BlackFideId "12973734"]
[EventCountry "GER"]
[EventRounds "11"]
[EventType "swiss"]
[EventDate "2015.05.23"]

1. Nf3 d5 2. g3 c5 3. e3 Nf6 4. Bg2 e6 5. d4 Nc6 6. b3 Be7 7. Bb2 O-O 8. Nbd2
cxd4 9. exd4 b6 10. O-O Bb7 11. Re1 Rc8 12. a3 Re8 13. Rc1 Bd6 14. Ne5 Nd7 15.
f4 f6 16. Nxd7 Qxd7 17. Bh3 Qf7 18. Nf3 Rc7 19. c4 Rce7 20. Qd2 Na5 21. Re3
dxc4 22. bxc4 Rc7 23. Qe2 Bxf3 24. Rxf3 Nc6 25. Re3 Rce7 26. Bg2 Nd8 27. Kh1
Kh8 28. Rf1 Qg6 29. Re1 Qf7 30. Qd2 Qf8 31. R1e2 Rc7 32. Qd3 Rce7 33. Qd2 Rc7
34. Qd3 Rce7 1/2-1/2

[Event "DEM U12/U12w 2015"]
[Site "Willingen GER"]
[Date "2015.05.25"]
[Round "3"]
[White "Müdder, Melanie"]
[Black "Post, Hugo"]
[Result "0-1"]
[Termination "normal"]
[Board "19"]
[WhiteElo "1511"]
[BlackElo "1774"]
[PlyCount "60"]
[WhiteFideId "12994103"]
[BlackFideId "12962490"]
[EventCountry "GER"]
[EventRounds "11"]
[EventType "swiss"]
[EventDate "2015.05.23"]

1. e4 c5 2. Nc3 Nc6 3. f4 g6 4. Nf3 Bg7 5. a3 e6 6. b4 cxb4 7. axb4 Nge7 8. b5
Nb8 9. e5 O-O 10. Ba3 b6 11. Bd6 Re8 12. Bxb8 Rxb8 13. Rxa7 Bh6 14. Ne2 Nd5 15.
g3 Bb7 16. Bg2 Qc8 17. Ra4 Ra8 18. Rxa8 Qxa8 19. O-O Rc8 20. Ned4 Bf8 21. Qa1
Qb8 22. Qa4 Bc5 23. c3 Qc7 24. Kh1 Ne7 25. Nb3 Ra8 26. Qc4 Bd5 27. Qe2 Bxb3 28.
d4 Ba3 29. Nd2 Bd5 30. Ra1 Qxc3 0-1

[Event "DEM U12/U12w 2015"]
[Site "Willingen GER"]
[Date "2015.05.25"]
[Round "3"]
[White "Buller, Ian Joshua"]
[Black "Röhr, Tobias"]
[Result "0-1"]
[Termination "normal"]
[Board "20"]
[WhiteElo "1491"]
[BlackElo "1742"]
[PlyCount "140"]
[WhiteFideId "12990655"]
[BlackFideId "12963089"]
[EventCountry "GER"]
[EventRounds "11"]
[EventType "swiss"]
[EventDate "2015.05.23"]

1. e4 c5 2. Nf3 e6 3. d4 cxd4 4. Nxd4 Nc6 5. Be3 Qc7 6. Nc3 a6 7. Be2 Nf6 8. f3
Bb4 9. Nxc6 bxc6 10. Bd2 d5 11. exd5 cxd5 12. Bd3 O-O 13. Qe2 Bb7 14. O-O Bd6
15. g3 e5 16. Rae1 Rfe8 17. Qg2 Bc5+ 18. Kh1 Rad8 19. Bg5 Rd6 20. Re2 Nd7 21.
Rfe1 h6 22. Bf4 Bd4 23. Bd2 Rf6 24. Nd1 Nc5 25. Nc3 Bxc3 26. bxc3 Re7 27. Bf4
Nd7 28. Qh3 d4 29. Kg2 Re8 30. cxd4 g5 31. Qg4 Kf8 32. dxe5 Nxe5 33. Bxe5 Rxe5
34. Rxe5 Bxf3+ 35. Qxf3 Rxf3 36. Kxf3 Qc6+ 37. Kg4 Qa4+ 38. Kf3 Qxa2 39. c4 Qd2
40. R5e3 a5 41. Ke4 a4 42. R1e2 Qa5 43. Ra2 Qc5 44. Be2 Qe7+ 45. Kd3 Qd7+ 46.
Kc3 Kg7 47. Kb4 Qb7+ 48. Kxa4 Qa7+ 49. Kb3 Qxe3+ 50. Kb4 Qb6+ 51. Kc3 Qg1 52.
Bd3 Qe3 53. Re2 Qc5 54. Rc2 f5 55. Kd2 f4 56. gxf4 gxf4 57. Kc3 f3 58. Kd2 Qg5+
59. Kc3 Qe3 60. Rd2 f2 61. Kc2 Kf6 62. Rd1 Kg5 63. Bf1 Qe1 64. c5 Qe5 65. c6
Kf4 66. Rd3 Ke4 67. Bg2+ Kf4 68. Bf1 Qa5 69. Kd1 Qa1+ 70. Ke2 Qe1# 0-1

[Event "DEM U12/U12w 2015"]
[Site "Willingen GER"]
[Date "2015.05.25"]
[Round "3"]
[White "Henning, Marvin"]
[Black "Kirsten, Annika"]
[Result "1-0"]
[Termination "normal"]
[Board "21"]
[WhiteElo "1791"]
[BlackElo "1267"]
[PlyCount "61"]
[WhiteFideId "12957399"]
[BlackFideId "12961124"]
[EventCountry "GER"]
[EventRounds "11"]
[EventType "swiss"]
[EventDate "2015.05.23"]

1. e4 e5 2. Nf3 Nc6 3. Bb5 a6 4. Ba4 b5 5. Bb3 Nf6 6. Ng5 d5 7. exd5 Nxd5 8.
Qf3 Be6 9. Nxe6 fxe6 10. Nc3 Nce7 11. O-O Nf4 12. d3 Neg6 13. g3 Nh3+ 14. Kg2
Nhf4+ 15. Kh1 b4 16. Qc6+ Kf7 17. gxf4 Nxf4 18. Bxf4 Qe8 19. Qxe8+ Rxe8 20.
Bxe5 bxc3 21. Bxc3 Bd6 22. f4 Rhf8 23. f5 Kg8 24. fxe6 Be7 25. Rf7 Bf6 26. Bxf6
gxf6 27. Rg1+ Kh8 28. e7 Rg8 29. Rxg8+ Rxg8 30. Rf8 c5 31. Rxg8# 1-0

[Event "DEM U12/U12w 2015"]
[Site "Willingen GER"]
[Date "2015.05.25"]
[Round "3"]
[White "Gheng, Dominik"]
[Black "Wastian, Mareike"]
[Result "0-1"]
[Termination "normal"]
[Board "22"]
[WhiteElo "1771"]
[BlackElo "1573"]
[PlyCount "84"]
[WhiteFideId "12906778"]
[BlackFideId "12947423"]
[EventCountry "GER"]
[EventRounds "11"]
[EventType "swiss"]
[EventDate "2015.05.23"]

1. e4 d5 2. exd5 Nf6 3. c4 c6 4. d4 cxd5 5. Nc3 Be6 6. b3 g6 7. Nf3 Bg7 8. Ng5
O-O 9. Nxe6 fxe6 10. Be2 Nc6 11. c5 e5 12. dxe5 Nxe5 13. Bb2 Qa5 14. Rc1 Qxc5
15. Nb5 Qb4+ 16. Bc3 Qe4 17. Nd4 Qxg2 18. Rf1 Ne4 19. f3 Bh6 20. fxe4 Rxf1+ 21.
Bxf1 Qxe4+ 22. Ne2 Bxc1 23. Bxe5 Be3 24. Bb2 Qf3 25. Qd3 Qf2+ 26. Kd1 Qxf1+ 27.
Kc2 Rc8+ 28. Nc3 Qxd3+ 29. Kxd3 d4 30. Nd5 Bg5 31. Bxd4 Rd8 32. Ke4 e6 33. Nc7
Kf7 34. a4 a6 35. b4 Rc8 36. Be5 Bd8 37. Nxa6 bxa6 38. Kd4 Bf6 39. Bxf6 Kxf6
40. b5 axb5 41. axb5 e5+ 42. Ke4 Rb8 0-1

[Event "DEM U12/U12w 2015"]
[Site "Willingen GER"]
[Date "2015.05.25"]
[Round "3"]
[White "Biermann, Florian"]
[Black "Kühne, Maria"]
[Result "1-0"]
[Termination "normal"]
[Board "23"]
[WhiteElo "1709"]
[BlackElo "1401"]
[PlyCount "181"]
[WhiteFideId "12970069"]
[BlackFideId "12997412"]
[EventCountry "GER"]
[EventRounds "11"]
[EventType "swiss"]
[EventDate "2015.05.23"]

1. c4 Nc6 2. g3 Nf6 3. Bg2 e5 4. Nc3 Be7 5. e3 O-O 6. Nge2 d6 7. O-O Be6 8. Nd5
Qd7 9. d4 exd4 10. exd4 Bxd5 11. cxd5 Nb8 12. Be3 Qb5 13. Qc2 Rc8 14. Bh3 Rd8
15. Nf4 Na6 16. Rfc1 Qb6 17. a3 Re8 18. b4 c6 19. dxc6 bxc6 20. d5 c5 21. bxc5
Nxc5 22. Rab1 Qa5 23. Bxc5 Qxc5 24. Qa4 Ne4 25. Rxc5 Nxc5 26. Qb5 Ne4 27. Qd3
Bd8 28. Re1 Nf6 29. Rxe8+ Nxe8 30. Qb5 Bb6 31. a4 Nc7 32. Qc6 Rd8 33. Kg2 Kf8
34. Ne2 Na6 35. Qc4 Nc5 36. Nd4 Re8 37. Nc6 Re4 38. Qc2 g6 39. a5 Bc7 40. Kf3
Ra4 41. Bf1 Ra3+ 42. Kg2 Ra4 43. Qc3 Kg8 44. Bb5 Ra2 45. Qf6 Ne4 46. Qf4 f5 47.
Bc4 Rb2 48. Nxa7 Rxf2+ 49. Qxf2 Nxf2 50. Kxf2 Bxa5 51. Nb5 Bb6+ 52. Kf3 Bc5 53.
Nc7 Kf7 54. Ne6 Bb4 55. h3 Kf6 56. Nc7 Ke5 57. Ne6 Bd2 58. Nf8 Kf6 59. h4 h6
60. Nd7+ Ke7 61. Nb6 Kf6 62. Na4 Ke5 63. Nb2 Kd4 64. Ba2 Bb4 65. Nd1 Ba3 66.
Nf2 Bb4 67. Nh3 Ke5 68. Nf4 Kf6 69. Bc4 g5 70. Ng2 Ke5 71. Ne3 g4+ 72. Ke2 Ke4
73. Bd3+ Ke5 74. Bxf5 Bc5 75. Bxg4 Kf6 76. Be6 Kg6 77. g4 Kf6 78. h5 Kg5 79.
Kd3 Kf4 80. Nc4 Bb4 81. Nb6 Bc5 82. Nc8 Bb4 83. Kc4 Bc5 84. Kb5 Ke5 85. Kc6 Ba3
86. Kb7 Bc5 87. Na7 Kf6 88. Nc6 Kg7 89. Nd8 Kf8 90. Nf7 Kg7 91. Kc6 1-0

[Event "DEM U12/U12w 2015"]
[Site "Willingen GER"]
[Date "2015.05.25"]
[Round "3"]
[White "Eulitz, Charlotte"]
[Black "Bosselmann, Tom Linus"]
[Result "0-1"]
[Termination "normal"]
[Board "24"]
[WhiteElo "1476"]
[BlackElo "1720"]
[PlyCount "76"]
[WhiteFideId "12964654"]
[BlackFideId "12983845"]
[EventCountry "GER"]
[EventRounds "11"]
[EventType "swiss"]
[EventDate "2015.05.23"]

1. e4 c5 2. Nf3 e6 3. d4 cxd4 4. Nxd4 a6 5. Nc3 Qc7 6. Bd3 Nf6 7. O-O b5 8. Re1
d6 9. Qf3 Bb7 10. a3 Nbd7 11. Qg3 Rc8 12. Bd2 Qb8 13. Rac1 Nc5 14. Kh1 Qa7 15.
e5 dxe5 16. Qxe5 Ncd7 17. Qe3 Bc5 18. Nce2 O-O 19. Bb4 Bxb4 20. axb4 Qa8 21.
Qg3 Be4 22. b3 Bxd3 23. Qxd3 Ne5 24. Qg3 Neg4 25. h3 Ne4 26. Qf4 e5 27. Qf5
Ngxf2+ 28. Kg1 exd4 29. Nxd4 Qa7 30. Rxe4 Nxe4 31. Qxe4 Rfe8 32. Qg4 Rcd8 33.
c3 Rd6 34. Kh1 Qb7 35. Rg1 Rg6 36. Qd1 h6 37. Qf1 Re3 38. Nf5 Rxh3# 0-1

[Event "DEM U12/U12w 2015"]
[Site "Willingen GER"]
[Date "2015.05.25"]
[Round "3"]
[White "Lieberwirth, Kasimir"]
[Black "Goltser, Ilja"]
[Result "1-0"]
[Termination "normal"]
[Board "25"]
[WhiteElo "1638"]
[BlackElo "1164"]
[PlyCount "79"]
[WhiteFideId "12988146"]
[BlackFideId "14174782"]
[EventCountry "GER"]
[EventRounds "11"]
[EventType "swiss"]
[EventDate "2015.05.23"]

1. e4 e6 2. d4 d5 3. Nc3 Bb4 4. Bd2 Bxc3 5. Bxc3 dxe4 6. Qg4 Qf6 7. Qxe4 Ne7 8.
O-O-O Nd5 9. Nf3 Nxc3 10. bxc3 c6 11. Ne5 Nd7 12. f4 Nxe5 13. fxe5 Qe7 14. Kb2
Bd7 15. Rd3 O-O-O 16. Rg3 Rdg8 17. Be2 f5 18. exf6 gxf6 19. Bg4 f5 20. Bxf5
Rxg3 21. hxg3 Qd6 22. Rxh7 Rxh7 23. Bxh7 Qxg3 24. Qg6 Qxg6 25. Bxg6 Kd8 26. Kb3
Ke7 27. a4 Kf6 28. Be4 e5 29. a5 b6 30. axb6 axb6 31. Kc4 Ke6 32. Kd3 exd4 33.
cxd4 Kd6 34. Ke3 c5 35. d5 Ke5 36. Bf3 b5 37. g4 Bxg4 38. Bxg4 Kxd5 39. Kd3 b4
40. Bf3+ 1-0

[Event "DEM U12/U12w 2015"]
[Site "Willingen GER"]
[Date "2015.05.25"]
[Round "3"]
[White "Schneider, Edward"]
[Black "Sulayev, Daniel"]
[Result "0-1"]
[Termination "normal"]
[Board "26"]
[WhiteElo "1395"]
[BlackElo "1709"]
[PlyCount "64"]
[WhiteFideId "16200870"]
[BlackFideId "12977675"]
[EventCountry "GER"]
[EventRounds "11"]
[EventType "swiss"]
[EventDate "2015.05.23"]

1. e4 e5 2. Nf3 Nc6 3. d4 exd4 4. Bc4 Nf6 5. e5 d5 6. Bb5 Nd7 7. O-O Be7 8. c3
dxc3 9. Nxc3 Nb6 10. Nd4 Bd7 11. Bxc6 bxc6 12. f4 c5 13. Nf3 c6 14. b3 O-O 15.
Bb2 d4 16. Ne2 Nd5 17. Qd2 Ne3 18. Rfc1 Bg4 19. Ne1 Qd5 20. Ng3 Bh4 21. Nd3
Bxg3 22. hxg3 Nf5 23. Rxc5 Qd7 24. Qf2 Rfd8 25. Rac1 Rac8 26. R5c4 a5 27. Rc5
Qc7 28. R1c4 Qb6 29. Bxd4 Nxd4 30. Rxd4 Rxd4 31. Qxd4 Rd8 32. Rxc6 Qxd4+ 0-1

[Event "DEM U12/U12w 2015"]
[Site "Willingen GER"]
[Date "2015.05.25"]
[Round "3"]
[White "Rudolph, Eva"]
[Black "Creß, Bastian"]
[Result "1-0"]
[Termination "normal"]
[Board "27"]
[WhiteElo "1573"]
[BlackElo "1387"]
[PlyCount "55"]
[WhiteFideId "16200594"]
[BlackFideId "16208846"]
[EventCountry "GER"]
[EventRounds "11"]
[EventType "swiss"]
[EventDate "2015.05.23"]

1. e4 e5 2. Nf3 Nc6 3. d4 exd4 4. Bc4 Nf6 5. e5 d5 6. Bb5 Ne4 7. Nxd4 Bd7 8.
Bxc6 bxc6 9. O-O Be7 10. f3 Nc5 11. Be3 O-O 12. Nd2 Rb8 13. N2b3 Na4 14. Rb1 c5
15. Ne2 Be6 16. Bc1 Qd7 17. f4 Rb7 18. Nd2 Rfb8 19. b3 Nb6 20. Ng3 d4 21. f5
Bd5 22. f6 Bf8 23. fxg7 Bxg7 24. Qh5 Be6 25. Nde4 Qe7 26. Bh6 Bf8 27. Nf6+ Kh8
28. Bg7+ 1-0

[Event "DEM U12/U12w 2015"]
[Site "Willingen GER"]
[Date "2015.05.25"]
[Round "3"]
[White "Böttner, Oliver"]
[Black "Grabbel, Lennart"]
[Result "0-1"]
[Termination "normal"]
[Board "28"]
[WhiteElo "1363"]
[BlackElo "1584"]
[PlyCount "60"]
[WhiteFideId "16208870"]
[BlackFideId "16201620"]
[EventCountry "GER"]
[EventRounds "11"]
[EventType "swiss"]
[EventDate "2015.05.23"]

1. e4 c5 2. Nf3 e6 3. Nc3 a6 4. b3 Qc7 5. Bb2 b5 6. a3 Bb7 7. d3 Nf6 8. Be2 d5
9. exd5 exd5 10. d4 cxd4 11. Qxd4 Nbd7 12. O-O Bd6 13. Rad1 O-O 14. Rd2 Ne5 15.
g3 Rfe8 16. Rfd1 Neg4 17. b4 Rad8 18. Nh4 Be5 19. Qd3 Qc6 20. Bf3 Bxc3 21. Qxc3
Qxc3 22. Bxc3 Ne5 23. Bg2 Nc4 24. Bxf6 gxf6 25. Rd3 Nb2 26. Kf1 Nxd1 27. Rxd1
Rc8 28. Rd2 Rc3 29. Nf5 Rxa3 30. Nd6 Ra1+ 0-1

[Event "DEM U12/U12w 2015"]
[Site "Willingen GER"]
[Date "2015.05.25"]
[Round "3"]
[White "Wu, Luka"]
[Black "Truong, Lisa"]
[Result "1-0"]
[Termination "normal"]
[Board "29"]
[WhiteElo "1580"]
[BlackElo "1264"]
[PlyCount "85"]
[WhiteFideId "12977420"]
[BlackFideId "12983462"]
[EventCountry "GER"]
[EventRounds "11"]
[EventType "swiss"]
[EventDate "2015.05.23"]

1. e4 d5 2. exd5 Qxd5 3. Nc3 Qd6 4. d4 Nf6 5. Nf3 c6 6. Ne5 Nbd7 7. Bf4 Nd5 8.
Qd2 Nxf4 9. Qxf4 Nxe5 10. dxe5 Qc7 11. Qe3 Bf5 12. O-O-O e6 13. Be2 Be7 14. g4
Bg6 15. h4 h6 16. h5 Bh7 17. f4 Qb6 18. Qg3 Rd8 19. g5 hxg5 20. fxg5 Bf5 21.
Kb1 Bc5 22. Bg4 Bxg4 23. Qxg4 Bd4 24. Na4 Qb4 25. c3 Bxc3 26. Rxd8+ Kxd8 27.
Qd1+ Bd4 28. Rh4 c5 29. a3 Qc4 30. Nxc5 Qxc5 31. Rxd4+ Kc8 32. Rd7 Qxe5 33.
Rxf7 Rd8 34. Qc2+ Kb8 35. h6 gxh6 36. gxh6 Rc8 37. Qg2 Qb5 38. Qg3+ Ka8 39. h7
Qc4 40. Qc3 Qe4+ 41. Ka2 Qd5+ 42. Qb3 Qc6 43. Rg7 1-0

[Event "DEM U12/U12w 2015"]
[Site "Willingen GER"]
[Date "2015.05.25"]
[Round "3"]
[White "Peters, Malte"]
[Black "Asadzade, Idris"]
[Result "0-1"]
[Termination "normal"]
[Board "30"]
[WhiteElo "1007"]
[BlackElo "1746"]
[PlyCount "86"]
[WhiteFideId "16208978"]
[BlackFideId "12997285"]
[EventCountry "GER"]
[EventRounds "11"]
[EventType "swiss"]
[EventDate "2015.05.23"]

1. e4 e6 2. d3 d5 3. Nd2 c5 4. Ngf3 Bd6 5. g3 Nc6 6. Bg2 Nge7 7. O-O O-O 8. Re1
f6 9. Nf1 b5 10. h4 Qb6 11. h5 d4 12. N1h2 e5 13. h6 g6 14. Nd2 Be6 15. Qf3 c4
16. Nb1 Nb4 17. Re2 cxd3 18. cxd3 Rac8 19. Na3 Nxa2 20. Bd2 Nb4 21. Ng4 Bxg4
22. Qxg4 Bc5 23. Bxb4 Bxb4 24. Qd7 Bxa3 25. Rxa3 Rc7 26. Qg4 b4 27. Ra4 Rfc8
28. Bh3 Rb8 29. b3 Rc3 30. Rxa7 f5 31. Qg5 Qxa7 32. Qf6 Nc6 33. Qe6+ Qf7 34.
Qd6 Rd8 35. Qxd8+ Nxd8 36. Ra2 Rxd3 37. Ra8 Qf6 38. exf5 gxf5 39. Bxf5 Qxf5 40.
Rxd8+ Kf7 41. Ra8 Rd1+ 42. Kg2 Qe4+ 43. Kh3 Rh1# 0-1

[Event "DEM U12/U12w 2015"]
[Site "Willingen GER"]
[Date "2015.05.25"]
[Round "3"]
[White "Marzisch, Darius"]
[Black "Hassemeier, Mika"]
[Result "0-1"]
[Termination "normal"]
[Board "31"]
[WhiteElo "1499"]
[BlackElo "1658"]
[PlyCount "92"]
[WhiteFideId "12997480"]
[BlackFideId "12994880"]
[EventCountry "GER"]
[EventRounds "11"]
[EventType "swiss"]
[EventDate "2015.05.23"]

1. e4 c5 2. Nf3 e6 3. d4 cxd4 4. Nxd4 Nf6 5. Bd3 Nc6 6. Nxc6 bxc6 7. c4 d5 8.
exd5 cxd5 9. cxd5 Qxd5 10. O-O Bb7 11. f3 Bc5+ 12. Kh1 O-O 13. Nc3 Qh5 14. Bf4
Rfd8 15. Qc2 Rac8 16. Rae1 Nd5 17. Re5 f5 18. Rxe6 Nxf4 19. Bxf5 Nxe6 20. Bxe6+
Kh8 21. Bxc8 Bxc8 22. Ne4 Bb6 23. Rc1 Bf5 24. g4 Bxe4 25. Qxe4 Qd5 26. Qxd5
Rxd5 27. Rc8+ Bd8 28. Kg2 h6 29. Rc2 Kh7 30. b3 Kg6 31. Re2 Bb6 32. h3 Kf6 33.
Kf1 Re5 34. Rxe5 Kxe5 35. Ke2 Kf4 36. h4 h5 37. gxh5 Kg3 38. h6 gxh6 39. a4 a5
40. h5 Kh4 41. Kf1 Kxh5 42. Kg2 Kg5 43. Kh3 Kf4 44. Kh4 Kxf3 45. Kh5 Ke4 46.
Kxh6 Kd3 0-1

[Event "DEM U12/U12w 2015"]
[Site "Willingen GER"]
[Date "2015.05.25"]
[Round "3"]
[White "Gutmann, Anna"]
[Black "Kublanov, Elizabeth"]
[Result "0-1"]
[Termination "normal"]
[Board "33"]
[WhiteElo "1303"]
[BlackElo "1563"]
[PlyCount "98"]
[WhiteFideId "16208889"]
[BlackFideId "12944564"]
[EventCountry "GER"]
[EventRounds "11"]
[EventType "swiss"]
[EventDate "2015.05.23"]

1. e4 e5 2. Nf3 d6 3. d4 exd4 4. Nxd4 Be7 5. Nc3 Nf6 6. Be2 O-O 7. Be3 Nbd7 8.
Qd2 Nc5 9. f3 c6 10. O-O-O Bd7 11. g4 b5 12. h4 b4 13. Nb1 Na4 14. h5 c5 15.
Nb3 Be6 16. g5 Nd7 17. g6 h6 18. gxf7+ Bxf7 19. Rdg1 Kh7 20. Bd3 Ne5 21. Qg2
Bf6 22. Rh3 Rg8 23. f4 Nxd3+ 24. cxd3 Qe7 25. N1d2 Bxb2+ 26. Kd1 Bf6 27. Nc4
Nc3+ 28. Kd2 Bxc4 29. Qg6+ Kh8 30. dxc4 Nxe4+ 31. Ke2 Nc3+ 32. Kd2 Nxa2 33.
Rhg3 Nc3 34. Ke1 Bh4 35. Kf1 Bxg3 36. Rxg3 a5 37. Na1 a4 38. f5 Ne4 39. Rg4 Nf6
40. Rg3 b3 41. Bxh6 b2 42. Bxg7+ Qxg7 43. Rb3 axb3 44. Nxb3 b1=Q+ 45. Kf2 Ra2+
46. Ke3 Qe7+ 47. Kf4 Qee4+ 48. Kg3 Rxg6+ 49. hxg6 Qg4# 0-1

[Event "DEM U12/U12w 2015"]
[Site "Willingen GER"]
[Date "2015.05.25"]
[Round "3"]
[White "Bardorz, Jana"]
[Black "Schille, Hannes"]
[Result "0-1"]
[Termination "normal"]
[Board "34"]
[WhiteElo "1263"]
[BlackElo "1489"]
[PlyCount "146"]
[WhiteFideId "16208897"]
[BlackFideId "16206053"]
[EventCountry "GER"]
[EventRounds "11"]
[EventType "swiss"]
[EventDate "2015.05.23"]

1. e4 c5 2. Nc3 a6 3. g3 Nc6 4. Bg2 e6 5. f4 d6 6. Nf3 Nf6 7. d4 cxd4 8. Nxd4
Qb6 9. Nb3 Be7 10. Qe2 O-O 11. Be3 Qd8 12. Rd1 Qc7 13. O-O b5 14. a3 Bb7 15.
Rd2 Rad8 16. Qf2 Nd7 17. Rfd1 f5 18. Bh3 Rde8 19. e5 d5 20. g4 fxg4 21. Bxg4
Nd8 22. Qg3 Bc5 23. Nxc5 Nxc5 24. b4 Nd7 25. Ne2 Nb6 26. Bc5 Rf7 27. Nd4 Nc4
28. Rf2 Bc8 29. Qh3 Qb7 30. f5 Nxe5 31. Bh5 g6 32. fxg6 hxg6 33. Rxf7 Qxf7 34.
Rf1 Qh7 35. Qg3 Qxh5 36. Bd6 Nef7 37. Bc5 e5 38. Nb3 Qg4 39. Rf6 Qxg3+ 40. hxg3
Kg7 41. Rf2 Nc6 42. Nd2 e4 43. Nf1 d4 44. Rd2 e3 45. Re2 Bg4 46. Re1 Nfe5 47.
Kg2 Nf3 48. Bxd4+ Ncxd4 49. Rxe3 Rxe3 50. Nxe3 Ne1+ 51. Kf1 Nexc2 52. Nxg4 Nxa3
53. Nf2 Nac2 54. Nd3 Nc6 55. Ke2 N2xb4 56. Nc5 Kf7 57. Kd2 a5 58. Kc3 a4 59.
Ne4 Ke6 60. g4 Ke5 61. Nf2 Kf4 62. g5 Kxg5 63. Ne4+ Kf4 64. Nd6 Nd5+ 65. Kb2 b4
66. Nc4 g5 67. Nd2 g4 68. Nc4 g3 69. Ka2 g2 70. Nb2 Nc3+ 71. Ka1 g1=Q+ 72. Nd1
Qxd1+ 73. Kb2 Qb1# 0-1

[Event "DEM U12/U12w 2015"]
[Site "Willingen GER"]
[Date "2015.05.25"]
[Round "3"]
[White "Brunkardt, Elena"]
[Black "Ortlepp, Klaudia"]
[Result "1-0"]
[Termination "normal"]
[Board "35"]
[WhiteElo "1474"]
[BlackElo "1243"]
[PlyCount "137"]
[WhiteFideId "16208838"]
[BlackFideId "16206045"]
[EventCountry "GER"]
[EventRounds "11"]
[EventType "swiss"]
[EventDate "2015.05.23"]

1. e4 e5 2. Nf3 Nc6 3. Bb5 f5 4. d3 fxe4 5. dxe4 Nf6 6. Bxc6 bxc6 7. O-O d6 8.
Bg5 Be7 9. Bxf6 Bxf6 10. h3 O-O 11. Nc3 Qe8 12. Qd3 Qg6 13. Kh1 Qh6 14. Kh2
Qf4+ 15. Kg1 Be7 16. Qe3 Qf7 17. Nh2 Ba6 18. Rfd1 Bh4 19. f3 Bg3 20. Ng4 h5 21.
Nh2 Qg6 22. Ne2 Bh4 23. Kh1 Rab8 24. b3 Bg5 25. Qf2 Qxe4 26. Nc3 Qe3 27. Qxe3
Bxe3 28. Ne4 Rb4 29. c3 Rbb8 30. c4 Bd4 31. Rac1 Rf4 32. Ng5 Bc8 33. Nf1 h4 34.
Nh2 Be3 35. Rc3 Bd4 36. Rcd3 a5 37. Ng4 a4 38. Ne4 axb3 39. axb3 Bf5 40. Re1 d5
41. cxd5 cxd5 42. Rxd4 exd4 43. Nc5 Bc2 44. Ne6 Rf7 45. Nxd4 Bxb3 46. Ne5 Rf4
47. Ne6 Ra4 48. Nxc7 d4 49. Re2 Ra7 50. Nc6 Ra1+ 51. Kh2 Rf8 52. Nxd4 Ba4 53.
Re4 Rc8 54. Nde6 Rb8 55. Rxh4 Rb2 56. Rg4 Kf7 57. Rxg7+ Kf6 58. Rg4 Bd7 59.
Rf4+ Ke5 60. Re4+ Kd6 61. h4 Bxe6 62. Nxe6 Ra8 63. Kh3 Re8 64. Ng5 Rxe4 65.
Nxe4+ Ke6 66. g4 Rb3 67. Nc5+ Kf6 68. Nxb3 Kg6 69. f4 1-0

[Event "DEM U12/U12w 2015"]
[Site "Willingen GER"]
[Date "2015.05.25"]
[Round "3"]
[White "Pahl, Erik"]
[Black "Kurzweil, Naemi"]
[Result "1-0"]
[Termination "normal"]
[Board "36"]
[WhiteElo "1464"]
[BlackElo "1232"]
[PlyCount "75"]
[WhiteFideId "16201272"]
[BlackFideId "12985708"]
[EventCountry "GER"]
[EventRounds "11"]
[EventType "swiss"]
[EventDate "2015.05.23"]

1. e4 c5 2. d4 cxd4 3. Nf3 Nc6 4. Nxd4 Nxd4 5. Qxd4 d6 6. Bc4 Nf6 7. Nc3 Bg4 8.
O-O e5 9. Qd3 Be7 10. f4 O-O 11. f5 Bh5 12. h3 a6 13. g4 Bxg4 14. hxg4 Nxg4 15.
Qg3 Qb6+ 16. Kg2 Nf6 17. Bh6 Nh5 18. Qg4 Nf4+ 19. Rxf4 Bf6 20. Nd5 Qd8 21. Bxg7
Bxg7 22. f6 Qxf6 23. Nxf6+ Kh8 24. Nh5 Bh6 25. Rf6 Rg8 26. Qxg8+ Rxg8+ 27. Kf2
Bg7 28. Rxf7 b5 29. Bb3 a5 30. Nxg7 a4 31. Bd5 Rc8 32. Rg1 Rxc2+ 33. Ke3 Rc8
34. Nh5 b4 35. Rfg7 h6 36. Rg8+ Rxg8 37. Rxg8+ Kh7 38. Nf6# 1-0